000 00739nam a22002412 4500
001 8894
003 BD-RjUL
005 20211208234656.0
008 140119m19641957enk 001 0 eng d
035 _aOCLC ocm31975116 from D971015M
_a(BD-RjUL)8939
040 _aLHL
_cLHL
_dEQO
_dBD-RjUL
_beng
041 _aeng
082 _a531
_bQUE 1964
090 _aQC125
_b.Q8 1957
100 1 _aQuadling, D. A.
_927651
245 1 0 _aElementary mechanics /
_cD. A. Quadling and A. R. D. Ramsay.
260 _aLondon :
_bG. Bell,
_cc1957 [Reprint 1964].
300 _aviii, 272 p. :
_billus. ;
_c22 cm.
504 _aIncludes Index.
650 0 _aMechanics.
_927652
700 1 _aRamsay, A. R. D.
_q(Allan Richard Dalhousie)
_927653
942 _2ddc
_cBK
999 _c8894
_d8894